| 000 | 00383pab a2200145 454500 | ||
|---|---|---|---|
| 008 | 180718b1988 xxu||||| |||| 00| 0 eng d | ||
| 100 | _aMathur, G.C. | ||
| 245 | _aSome significant social issues of National housing policy | ||
| 260 | _c1988 | ||
| 300 | _a48-53 | ||
| 362 | _aJuly-Oct. | ||
| 650 | _aHousing - Policy - India | ||
| 773 | _aIASSI Quarterly Bulletin | ||
| 909 | _a10175 | ||
| 999 |
_c10175 _d10175 |
||